| 000 | 01113cam a22002897a 4500 | ||
|---|---|---|---|
| 001 | 13174117 | ||
| 005 | 20030910152300.0 | ||
| 008 | 030423s2000 okua b 001 0 eng d | ||
| 010 | _a 2003535270 | ||
| 020 | _a0878147780 | ||
| 035 | _a(OCoLC)ocm47654384 | ||
| 040 |
_aOUN _cOUN _dDLC |
||
| 042 | _alccopycat | ||
| 050 | 0 | 0 |
_aTN871 _b.K284 2000 |
| 082 | 0 | 0 |
_a622.338 _222 _bKAL |
| 100 | 1 |
_aKalfayan, Leonard. _95862 |
|
| 245 | 1 | 0 |
_aProduction enhancement with acid stimulation / _cby Leonard Kalfayan. |
| 260 |
_aTulsa, Okla. : _bPennWell, _cc2008. |
||
| 300 |
_axvii, 262 p. : _bill. ; _c24 cm. |
||
| 500 | _aIncludes Index. | ||
| 504 | _aIncludes bibliographical references and index. | ||
| 650 | 0 |
_aOil wells _xAcidization. _95863 |
|
| 650 | 0 |
_aGas wells _xAcidization. _95864 |
|
| 942 |
_2ddc _cBB |
||
| 999 |
_c11753 _d11753 |
||